000 00436nam a2200157Ia 4500
008 210716s2010 xx 000 0 und d
020 _a97807060986882
041 _aeng
082 _a519.5 CHAJ
100 _aChandan, J S;Singh, Jagjit.; Khanna, K K.
245 _aBusiness statistics.
250 _a2
260 _aNew Delhi
_bVikas Publishing House Pvt Ltd
_c2010
300 _avi,447
650 _aStatistical Mathematics(519.5)
999 _c206961
_d206961